| 000 -LEADER |
| fixed length control field |
00402nam a2200133 4500 |
| 082 ## - DEWEY DECIMAL CLASSIFICATION NUMBER |
| Classification number |
I51 N12 |
| 100 ## - MAIN ENTRY--PERSONAL NAME |
| Personal name |
Nadar, Jagdish Singh |
| 9 (RLIN) |
25147 |
| 245 ## - TITLE STATEMENT |
| Title |
101 Great lives who shaped the world |
| Statement of responsibility, etc |
edited by Jagdish Singh Nadar and B. Adyanand Nath |
| 260 ## - PUBLICATION, DISTRIBUTION, ETC. (IMPRINT) |
| Place of publication, distribution, etc |
New Delhi |
| Name of publisher, distributor, etc |
Robin Books |
| Date of publication, distribution, etc |
2010 |
| 300 ## - PHYSICAL DESCRIPTION |
| Extent |
361p. |
| 650 ## - SUBJECT ADDED ENTRY--TOPICAL TERM |
| Topical term or geographic name as entry element |
Great personalities |
| 9 (RLIN) |
25148 |
| 700 ## - ADDED ENTRY--PERSONAL NAME |
| Personal name |
Nath, B. Adyanand |
| 9 (RLIN) |
25149 |
| 942 ## - ADDED ENTRY ELEMENTS (KOHA) |
| Source of classification or shelving scheme |
|